000 00282nam a2200145Ia 4500
100 _aNone
942 _cBK
654 _aelectronics
245 _aDelta
260 _bScientific Sales
_aIndore
082 _a621.381536
_bSCI
300 _a53
546 _aENGLISH
999 _c33693
_d33693